Szczegóły MARC21

Zwangsarbeit in Pommern von 1939 bis 1950 :

003 -Nazwa inst., której nr kontr. jest w polu 001 [,]
    • @
    • Nazwa instytucji, której n kontrolny jest w polu 001
    • NUKAT
005 -DATA I CZAS OSTATNIEJ MODYFIKACJI [,]
    • @
    • pole kontrolne
    • 20241231091455.0
020 -Międzynarod. znormalizowany nr książki - ISBN [ , ]
    • a
    • Numer ISBN
    • 9783981067774 Find
040 -Instytucja sporządzająca opis [ , ]
    • a
    • Instytucja, która sporządziła opis (NP)
    • SZCZ M/HS
    • c
    • Instytucja, która sporządziła rekord (NP)
    • SZCZ M/HS
    • d
    • Instytucja, która zmodyfikowała rekord (P)
    • WR O/KPs
041 -Język dokumentu [1, ]
    • a
    • Język tekstu (P)
    • niemiecki
    • a
    • Język tekstu (P)
    • polski
    • h
    • Język tekstu oryginalnego i/lub pośredniego (P)
    • niemiecki
    • h
    • Język tekstu oryginalnego i/lub pośredniego (P)
    • polski
044 -Kraj miejsca wydania [ , ]
    • a
    • Kraj miejsca wydania
    • Niemcy
    • a
    • Kraj miejsca wydania
    • Polska
942 -Rodzaj dokumentu [ , ]
    • c
    • Rodzaj dokumentu
    • Książka
245 -Strefa tytułu i oznaczenia odpowiedzialności [0,0]
    • a
    • Tytuł
    • Zwangsarbeit in Pommern von 1939 bis 1950 : Find
    • b
    • Ciąg dalszy tytułu (NP)
    • Sachstand und Perspektiven der Forschung und der historischen Bildungsarbeit in Deutschland und Polen : Dokumentation der gemeinsamen Tagung des Stadtarchivs Greifswald und des Staatsarchivs Stettin in Greifswald am 29./30. November 2012 = Praca przymusowa na Pomorzu w latach 1939-1950 : stan i perspektywy badań naukowych oraz edukacji historycznej w Polsce i w Niemczech : dokumentacja wspólnej konferencji Archiwum Miejskiego w Greifswaldzie i Archiwum Państwowego w Szczecinie, która odbyła się w Greifswaldzie w dniach 29-30 listopada 2012 r. / Find
    • c
    • Pozostałe elementy strefy tytułu i oznaczenia odpowiedzialności (NP)
    • [Red. Paweł Gut, Uwe Kiel, Jan Macholak ; Übers. Małgorzata A. Korzeb, Przemysław Jackowski, Marta M. Matusiak].
246 -Wariant tytułu [3,1]
    • a
    • Tytuł (NP)
    • Praca przymusowa na Pomorzu w latach 1939-1950 :
    • b
    • Ciąg dalszy tytułu (NP)
    • stan i perspektywy badań naukowych oraz edukacji historycznej w Polsce i w Niemczech : dokumentacja wspólnej konferencji Archiwum Miejskiego w Greifswaldzie i Archiwum Państwowego w Szczecinie, która odbyła się w Greifswaldzie w dniach 29-30 listopada 2012 r.
246 -Wariant tytułu [1,4]
    • a
    • Tytuł (NP)
    • Zwangsarbeit in Pommern von 1939 bis 1950 =
    • b
    • Ciąg dalszy tytułu (NP)
    • Praca przymusowa na Pomorzu w latach 1939-1950
260 -Strefa adresu wydawniczego [ , ]
    • a
    • Miejsce wydania (P)
    • Greifswald :
    • b
    • Nazwa wydawcy (P)
    • Der Oberbürgermeister [etc.] ;
    • a
    • Miejsce wydania (P)
    • Stettin :
    • b
    • Nazwa wydawcy (P)
    • Staatsarchiv,
    • c
    • Data wydania (P)
    • 2014.
300 -Strefa opisu fizycznego [ , ]
    • a
    • Określenie formy książki i/lub objętość (NP)
    • 409 s. :
    • b
    • Oznaczenie ilustracji (NP)
    • il. (w tym kolor.) ;
    • c
    • Format (NP)
    • 24 cm.
336 -Typ zawartości [ , ]
    • a
    • Termin opisujący typ zawartości
    • Tekst
    • b
    • Kod określający zawartość
    • txt
    • 2
    • Źródło (terminu i kodu)
    • rdacontent
337 -Typ mediów [ , ]
    • a
    • Tryb odtwarzania
    • Bez urządzenia pośredniczącego
    • b
    • Kod typu mediów
    • n
    • 2
    • Źródło (terminu i kodu)
    • rdamedia
338 -Typ/rodzaj nośnika [ , ]
    • a
    • Hasło opisujące typ nośnika
    • Wolumin
    • b
    • Kod typu nośnika
    • nc
    • 2
    • Źródło (terminu i kodu)
    • rdacarrier
546 -Uwaga dot. języka [ , ]
    • a
    • Uwaga dot. języka
    • Tekst równol. niem., pol.
650 -Hasło przedmiotowe [ ,7]
    • a
    • Hasło przedmiotowe
    • Praca przymusowa
    • z
    • Określnik geograficzny
    • Polska
    • z
    • Określnik geograficzny
    • Pomorze (region)
    • y
    • Określnik chronologiczny
    • 1945-1970
    • v
    • Określnik formalny
    • konferencje.
    • 2
    • Źródło terminu
    • kaba
    • 9
    • KHW
    • 401436
650 -Hasło przedmiotowe [ ,7]
    • a
    • Hasło przedmiotowe
    • Praca przymusowa
    • z
    • Określnik geograficzny
    • Polska
    • z
    • Określnik geograficzny
    • Pomorze (region)
    • y
    • Określnik chronologiczny
    • 1900-1945
    • v
    • Określnik formalny
    • konferencje.
    • 2
    • Źródło terminu
    • kaba
    • 9
    • KHW
    • 401437
650 -Hasło przedmiotowe [ ,7]
    • a
    • Hasło przedmiotowe
    • Wojna światowa (1939-1945)
    • x
    • Określnik rzeczowy
    • roboty przymusowe
    • z
    • Określnik geograficzny
    • Polska
    • z
    • Określnik geograficzny
    • Pomorze (region)
    • v
    • Określnik formalny
    • konferencje.
    • 2
    • Źródło terminu
    • kaba
    • 9
    • KHW
    • 401438
700 -Hasło dodatkowe - nazwa osobowa [1, ]
    • a
    • Nazwa osobowa (NP)
    • Gut, Paweł. Find
    • e
    • Określenie rodzaju współpracy
    • Red.
    • 9
    • KHW
    • 26970
700 -Hasło dodatkowe - nazwa osobowa [1, ]
    • a
    • Nazwa osobowa (NP)
    • Kiel, Uwe. Find
    • e
    • Określenie rodzaju współpracy
    • Red.
    • 9
    • KHW
    • 401381
700 -Hasło dodatkowe - nazwa osobowa [1, ]
    • a
    • Nazwa osobowa (NP)
    • Macholak, Jan. Find
    • e
    • Określenie rodzaju współpracy
    • Red.
    • 9
    • KHW
    • 7900
700 -Hasło dodatkowe - nazwa osobowa [1, ]
    • a
    • Nazwa osobowa (NP)
    • Korzeb, Małgorzata. Find
    • e
    • Określenie rodzaju współpracy
    • Tł.
    • 9
    • KHW
    • 85672
700 -Hasło dodatkowe - nazwa osobowa [1, ]
    • a
    • Nazwa osobowa (NP)
    • Jackowski, Przemysław. Find
    • e
    • Określenie rodzaju współpracy
    • Tł.
    • 9
    • KHW
    • 401380
700 -Hasło dodatkowe - nazwa osobowa [1, ]
    • a
    • Nazwa osobowa (NP)
    • Matusiak, Marta M. Find
    • e
    • Określenie rodzaju współpracy
    • Tł.
    • 9
    • KHW
    • 401382
710 -Hasło dodatkowe - nazwa ciała zbiorowego [2, ]
    • a
    • Nazwa ciała zbiorowego lub nazwa geograficzna jako pierwszy element (NP)
    • Archiwum Państwowe (Szczecin).
    • 4
    • Kod relacji
    • pbl
    • 9
    • KHW
    • 23118
920 -ISBN [ , ]
    • a
    • ISBN
    • 978-3-9810677-7-4 Find
Numer inwentarzowy Status udost. Data inwentaryzacji Lokalizacja
Z.12488712021-06-16BG
H.2799512016-03-24BNS